"M" Countries - World Map Sudden Death - Statistics

General Stats
  • This quiz has been taken 837 times
    802 since last reset
  • The average score is 10 of 15
Answers on the Grid
Answers color-coded by a green-red scale on the quiz's grid according to % correct below.
 
Answer Stats
Answer % Correct
90%
Mauritania, Mali
82%
Mozambique
81%
Mexico
79%
Mauritania, Mali
79%
Mexico
78%
Maldives
78%
Mongolia
77%
Mauritania
73%
Mexico
66%
Mongolia
65%
Marshall islands
60%
Mongolia
59%
Marshall islands
46%
Mozambique
32%
No matching quizzes found
Score Distribution
Percent of People with Each Score
Percentile by Number Answered
Your Score History
You have not taken this quiz since the last reset